=LDR 00000nam 2200000 4500 =001 INLIS000000000041808 =005 20200929074858 =035 ##$$a 0010-061300000041808 =008 200929################g##########0#ind## =041 ##$$a Ind =090 ##$$a 305.4, Har p.1 =100 1#$$a Harun Al-Rasyid, Ny. Hj. Siti Nur Ainy =245 1#$$a Pembangunan SDM dan Pemberdayaan Perempuan, /$c Ny.Hj. Sti Nur Harun Al-Rasyid =260 ##$$a Mataram :$b UD. Bugenvil,$c 1999 =300 ##$$a 59 hlm, ; $c 14 x 20 cm =850 ##$$a NBPNMAT =082 ##$$a 305.4 =084 ##$$a 305.4 HAR p =250 ##$$a cet. 1 =650 #4$$a SDM-Perempuan =990 ##$$a 00087280 =990 ##$$a 00089374 =990 ##$$a 00093651